[Event "European Ind w Rapid 2012"]
[Site "Gaziantep TUR"]
[Date "2012.03.15"]
[Round "8"]
[White "Gvetadze,Sopi"]
[Black "Muzychuk,M"]
[Result "0-1"]
[WhiteElo "2334"]
[BlackElo "2490"]

1.e4 c5 2.Nf3 Nc6 3.Nc3 Nf6 4.Bb5 Qc7 5.O-O Nd4 6.Nxd4 cxd4 7.Ne2 Qe5 8.Bd3 Nxe4
9.Re1 Nc5 10.Ng3 Qd5 11.Bf1 g6 12.b3 Bg7 13.Bb2 Ne6 14.d3 O-O 15.Ne4 f5 16.Nd2 Bf6
17.g3 Nc5 18.Bg2 Qf7 19.Nf3 Qg7 20.Qd2 e5 21.Ba3 d6 22.Re2 Bd7 23.Rae1 e4
24.Nh4 g5 25.Nxf5 Bxf5 26.dxe4 Bg4 27.f3 d3 28.e5 dxe2 29.exf6 Qxf6 30.fxg4 Rae8
31.h3 Ne4 32.Qxe2 Nxg3 33.Qxe8 Rxe8 34.Rxe8+ Kf7 35.Re1 Qc3 36.Kf2 Qd2+ 37.Kxg3 Qxe1+
38.Kh2 Qe5+ 39.Kh1 Qa1+ 40.Kh2 Ke7 41.Bb4 Qxa2 42.Be4 h6 43.Bd3 Qb2 44.Be1 b5
45.Bg3 a5 46.h4 a4 47.bxa4 bxa4 48.hxg5 hxg5 49.Be1 a3 50.Bd2 Qe5+  0-1

[Event "ch-Moscow Final 2012"]
[Site "Moscow RUS"]
[Date "2012.03.16"]
[Round "7"]
[White "Aldokhin,I"]
[Black "Belous,V"]
[Result "0-1"]
[WhiteElo "2375"]
[BlackElo "2524"]

1.e4 c5 2.Nf3 Nc6 3.Nc3 e5 4.Bb5 d6 5.O-O Nf6 6.Bxc6+ bxc6 7.h3 g5 8.d3 g4
9.Nh4 gxh3 10.g3 Rg8 11.Nf5 Ng4 12.Qf3 h5 13.a3 Bxf5 14.exf5 d5 15.Na4 h4
16.Be3 hxg3 17.fxg3 Nxe3 18.Qxe3 Qh4 19.Qxe5+ Kd7 20.b4 Rxg3+ 21.Kh1 h2 22.Nxc5+ Bxc5
23.bxc5 Rg1+ 24.Rxg1 hxg1=Q+ 25.Kxg1 Rg8+ 26.Kf1 Qh3+ 27.Ke1 Re8  0-1

[Event "TCh-CAT 2012"]
[Site "Catalunya ESP"]
[Date "2012.03.17"]
[Round "8.10"]
[White "Lopez Santana,O"]
[Black "Oms Fuentes,L"]
[Result "1-0"]
[WhiteElo "2168"]
[BlackElo "2314"]

1.e4 c5 2.Nc3 Nc6 3.Bb5 g6 4.Bxc6 dxc6 5.d3 Bg7 6.Be3 b6 7.Qd2 e5 8.f4 Nf6
9.fxe5 Ng4 10.Nf3 Nxe5 11.Nxe5 Bxe5 12.O-O-O Bg4 13.Rde1 Qd6 14.h3 Be6 15.Rhf1 O-O-O
16.Rd1 Rd7 17.Bf4 Rhd8 18.Bxe5 Qxe5 19.Qf4 Qxf4+ 20.Rxf4 c4 21.dxc4 Rxd1+
22.Nxd1 Bxc4 23.Ne3 Be6 24.Ng4 Kc7 25.Ne5 Rf8 26.b3 Kd6 27.Nd3 Ke7 28.Kd2 g5
29.Rf1 f6 30.Ke3 h5 31.c4 a5 32.Nb2 Rb8 33.Rc1 h4 34.Na4 Bf7 35.Rd1 Be8 36.c5 bxc5
37.Nxc5 Rb5 38.Rc1 Kd6 39.Kd4 Bg6 40.Nd3 f5 41.e5+ Kc7 42.Rc5 Rb8 43.Rxa5 f4
44.Nc5 Rd8+ 45.Kc3 Rd5 46.b4 Bf5 47.Ra7+ Kc8 48.e6 Re5 49.e7 Kb8 50.Nd7+  1-0

[Event "TCh-BEL 2011-12"]
[Site "Belgium BEL"]
[Date "2012.03.18"]
[Round "10.4"]
[White "Vocaturo,D"]
[Black "Koch,T1"]
[Result "1-0"]
[WhiteElo "2537"]
[BlackElo "2439"]

1.e4 c5 2.Nc3 Nc6 3.Bb5 d6 4.d3 Bd7 5.f4 e6 6.Nf3 a6 7.Bxc6 Bxc6 8.O-O Be7
9.Qe1 Nf6 10.e5 Nd5 11.Ne4 O-O 12.exd6 Bxd6 13.Ne5 Rc8 14.Nxd6 Qxd6 15.b3 b5
16.Ba3 Bb7 17.Qg3 Ne7 18.Rae1 Nf5 19.Qf2 Rfd8 20.Ng4 Qd4 21.Ne3 Nxe3 22.Rxe3 c4
23.c3 Qd5 24.bxc4 bxc4 25.d4 f5 26.Rfe1 Re8 27.Qe2 Kf7 28.Bc5 Ba8 29.h3 g6
30.Kh2 Rb8 31.Re5 Qc6 32.d5 Qa4 33.Rxe6 Qd7 34.Qe5  1-0

[Event "TCh-CZE Liga1 Vychod"]
[Site "Czech Rep CZE"]
[Date "2012.03.18"]
[Round "10"]
[White "Koutny,Pe"]
[Black "Silar,Lu"]
[Result "1-0"]
[WhiteElo "2156"]
[BlackElo "2154"]

1.e4 c5 2.Nc3 Nc6 3.Bb5 g6 4.Bxc6 dxc6 5.d3 Bg7 6.Be3 b6 7.Qd2 e5 8.O-O-O Be6
9.f4 exf4 10.Bxf4 Qd7 11.Nf3 O-O-O 12.Kb1 Ne7 13.Bg3 Kb7 14.Rhf1 f5 15.Ne5 Bxe5
16.Bxe5 Rhf8 17.Qg5 Ng8 18.Rf2 Rfe8 19.Bg3 Qe7 20.Bh4 Qxg5 21.Bxg5 Rd7 22.Re1 h6
23.exf5 Bxa2+ 24.Kxa2 Rxe1 25.Bd2 Ree7 26.f6 Rf7 27.Ne4 Rd4 28.Bc3 Kc7 29.Bxd4 cxd4
30.Kb3 c5 31.g4 g5 32.Kc4 Kc6 33.Rf5 a5 34.Kb3 Kc7 35.h3 Kd7 36.Rd5+ Kc6
37.Rd8 Nxf6 38.Rd6+ Kb7 39.Rxf6 Rxf6 40.Nxf6 Kc6 41.Ng8 Kd5 42.Nxh6 b5 43.Nf7 b4
44.Nxg5 c4+ 45.dxc4+ Kc5 46.Ne4+  1-0

[Event "ch-VIE Men 2012"]
[Site "Can Tho VIE"]
[Date "2012.03.21"]
[Round "5.2"]
[White "Cao,S"]
[Black "Vo Thanh Ninh"]
[Result "1-0"]
[WhiteElo "2526"]
[BlackElo "2340"]

1.e4 c5 2.Nc3 Nc6 3.Bb5 Nd4 4.Bc4 g6 5.Nf3 Bg7 6.Nxd4 cxd4 7.Qf3 e6 8.Nb5 d6
9.Qa3 Ke7 10.c3 dxc3 11.dxc3 a6 12.Be2 Rb8 13.Nd4 e5 14.Nc2 Bh6 15.Bxh6 Nxh6
16.O-O-O Be6 17.Ne3 Qb6 18.Rd5 Qc6 19.Rxe5 b5 20.Nd5+ Kf8 21.Nb4 Qb6 22.Rxe6 fxe6
23.Qxa6 Qxa6 24.Nxa6 Rb7 25.e5 Nf7 26.exd6 Nxd6 27.Nc5 Ra7 28.Kb1 Ke7 29.Re1 Rc8
30.Nd3 Nc4 31.Bg4 Rc6 32.Nb4 Rd6 33.Bxe6 Rxe6 34.Nc6+ Kd7 35.Rxe6 Nd2+ 36.Kc2 Rxa2
37.Re2 Kxc6 38.Rxd2 Ra1 39.h4 Re1 40.Kd3 Kc5 41.Re2 Rd1+ 42.Kc2 Rf1 43.Kb3 Rh1
44.g3 Rh2 45.Re5+ Kd6 46.Rxb5 Rxf2 47.Rb7  1-0

[Event "13th EICC"]
[Site "Plovdiv BUL"]
[Date "2012.03.21"]
[Round "2.61"]
[White "Nakar,Ey"]
[Black "Hovhannisyan,R"]
[Result "0-1"]
[WhiteElo "2344"]
[BlackElo "2600"]

1.e4 c5 2.Nc3 Nc6 3.Bb5 Nd4 4.Bc4 e6 5.Nge2 Nf6 6.O-O a6 7.d3 b5 8.Bb3 Nxb3
9.axb3 Bb7 10.f4 Be7 11.Ng3 d6 12.f5 b4 13.Nce2 e5 14.Bg5 h5 15.Bxf6 Bxf6
16.c4 bxc3 17.Nxc3 Bg5 18.Nd5 h4 19.Ne2 Bxd5 20.exd5 h3 21.g3 Be3+ 22.Kh1 Bd4
23.Nxd4 cxd4 24.Qg4 Qf6 25.Rfc1 O-O 26.Qxh3 Rab8 27.Ra3 Qg5 28.Qf1 Rfc8 29.Rc6 Rxc6
30.dxc6 Rb6 31.c7 Rc6 32.Rxa6 Rxc7 33.Ra8+ Kh7 34.Qh3+ Qh6 35.Qxh6+ Kxh6
36.h4 Kh5 37.Rg8 f6 38.Kg2 Kg4 39.h5 Rc2+ 40.Kg1 e4 41.Rxg7+ Kf3 42.Re7 exd3
43.Re1 d2  0-1

[Event "ch-VIE Men 2012"]
[Site "Can Tho VIE"]
[Date "2012.03.22"]
[Round "6"]
[White "Vu,Phi Hung"]
[Black "Nguyen,Hoang Duc"]
[Result "1-0"]
[WhiteElo "2105"]
[BlackElo "1797"]

1.e4 c5 2.Nc3 Nc6 3.Nf3 d6 4.d4 cxd4 5.Nxd4 Nf6 6.Be3 g6 7.f3 Bg7 8.Qd2 O-O
9.Bc4 Ne5 10.Bb3 Bd7 11.O-O-O Rb8 12.h4 b5 13.h5 Nc4 14.Bxc4 bxc4 15.hxg6 fxg6
16.Nd5 Nxd5 17.exd5 Qb6 18.c3 Qa5 19.a3 Qxd5 20.Qe2 Qb7 21.Qxc4+ Kh8 22.Qa2 e5
23.Nc2 d5 24.Nb4 d4 25.Rxh7+ Kxh7 26.Rh1+ Bh6 27.Bxh6 Rxf3 28.Bf4+ Bh3 29.gxf3 exf4
30.Rxh3+ Kg7 31.Qd5 Qxd5 32.Nxd5 g5 33.c4 Rc8 34.b3 a5 35.a4  1-0

[Event "ch-VIE Men 2012"]
[Site "Can Tho VIE"]
[Date "2012.03.24"]
[Round "9"]
[White "Le,Cong Cuong"]
[Black "Vo Thanh Ninh"]
[Result "1/2-1/2"]
[WhiteElo "2039"]
[BlackElo "2340"]

1.e4 c5 2.Nf3 Nc6 3.Nc3 g6 4.d4 cxd4 5.Nxd4 Bg7 6.Be3 Nf6 7.Be2 O-O 8.O-O d6
9.Kh1 Bd7 10.f4 Re8 11.Bf3 Nxd4 12.Bxd4 Bc6 13.Nd5 e5 14.fxe5 dxe5 15.Nxf6+ Qxf6
16.Be3 Qe7 17.Qe2 b6 18.Rf2 Qb7 19.Raf1 Rac8 20.Bc1 Bf8 21.Rd1 Rcd8 22.Rff1 Bg7
23.h3 h6 24.Rfe1 Kh8 25.Qe3 Rd4 26.c3 Rdd8 27.Rf1 Kg8 28.Rfe1 Qa6 29.a3 Qc4
30.Kh2 Qa4 31.Kh1 Bf8 32.Kh2 Qc2 33.Rd2 Qb1 34.Rdd1 Ba4 35.Rxd8 Rxd8 36.Be2 Bb3
37.Rf1 Qc2 38.Qf3 Be6 39.Qe3 Be7 40.Qf3 h5 41.Bb5 h4 42.Qe2 Qxe2 43.Bxe2 Bb3
44.Be3 Bc2 45.Bc4 Bd3 46.Rxf7 Bxc4 47.Rxe7 a6 48.Rxe5 Kf7 49.Bd4 Bd3 50.Kg1 b5
51.Kf2 Re8 52.Rxe8 Kxe8 53.Kf3 Kf7 54.Bf2 g5 55.Be3 Kg6 56.Bb6 Bc4 57.Bd8 Kh5
58.Be7 Kg6 59.Bb4 Kh5 60.Be7 Kg6 61.Bc5 Kh5 62.Bf2 Kg6 63.g3 hxg3 64.Bxg3 Bf1
65.h4 gxh4 66.Bxh4 Kf7 67.Ke3 Ke6 68.Kd4 Kd6 69.Bd8 Bc4 70.Ba5 Bb3 71.Bb4+ Kc6
72.Ke5 Kd7 73.Kd4 Kc6 74.Ba5 Bc4 75.Bd8 Bb3 76.Kd3 Kd6 77.Bf6 Kc6 78.Ke3 Kd6
79.Kf4 Kc6 80.Bd4 Kd6 81.Kf5 Kc6 82.Kf6 Kd7 83.Bc5 Bc4 84.Bb4 Bb3 85.e5 Bc4
86.Bf8 Bb3 87.Bb4 Bc4 88.Kf5 Bb3 89.Bf8 Bc4 90.Ke4 Bb3 91.Kd4 Kc6 92.Bh6 Be6
93.Bf8 Bb3 94.Bh6 Be6 95.Bf4 Bb3 96.Ke4 Be6 97.Bg3 Bb3 98.Kf5 Kd7 99.Kf6 Bc4
100.Kg7 Bb3  1/2-1/2

[Event "TCh-CAT 2012"]
[Site "Catalunya ESP"]
[Date "2012.03.24"]
[Round "9.9"]
[White "Lopez Agustench,E"]
[Black "Flores de Paco,D"]
[Result "1/2-1/2"]
[WhiteElo "2220"]
[BlackElo "2082"]

1.e4 c5 2.Nc3 Nc6 3.Bb5 g6 4.Bxc6 dxc6 5.d3 Bg7 6.Be3 b6 7.Qd2 e5 8.Nge2 Be6
9.b3 Qd7 10.O-O Rd8 11.Rad1 Nf6 12.Bh6 O-O 13.Bxg7 Kxg7 14.f4 exf4 15.Qxf4 Nh5
16.Qh4 Rde8 17.h3 f6 18.Kh1 Kg8 19.Rf2 Ng7 20.Rdf1 f5 21.g4 fxg4 22.Rxf8+ Rxf8
23.Rxf8+ Kxf8 24.Qxh7 Qf7 25.Qh8+ Ke7 26.Qh4+ Qf6 27.Qxf6+ Kxf6 28.hxg4 Bxg4
29.Kg2 Nh5 30.Ng1 Ke5 31.Kf2 Kd4 32.Nce2+ Ke5 33.Nf3+ Kf6 34.c3 Ke6 35.Ke3 Kd6
36.Nf4 Nxf4 37.Kxf4 Bh5 38.Nh4 Ke6 39.d4 cxd4 40.cxd4 a5 41.a3 c5 42.d5+ Kd6
43.Kg5 a4 44.bxa4 c4 45.Ng2 Bf3 46.Ne3 Bxe4 47.Nxc4+ Kxd5 48.Nxb6+ Kc5 49.Nd7+ Kc4
50.a5 Kb5 51.a6 Kxa6 52.Nc5+ Ka5 53.Nxe4 Ka4  1/2-1/2

[Event "ch-Urals Men 2012"]
[Site "Satka RUS"]
[Date "2012.03.24"]
[Round "1"]
[White "Polosin,Evgeni"]
[Black "Polschikov,A"]
[Result "0-1"]
[WhiteElo "2040"]
[BlackElo "2385"]

1.e4 c5 2.Nf3 Nc6 3.Nc3 e6 4.Bb5 Nd4 5.O-O a6 6.Be2 Ne7 7.d3 Nec6 8.Nxd4 Nxd4
9.f4 Be7 10.Bf3 O-O 11.Ne2 Nxf3+ 12.Rxf3 d5 13.e5 f6 14.Ng3 Qe8 15.c3 fxe5
16.fxe5 Rxf3 17.Qxf3 Qg6 18.Bd2 Bd7 19.Rf1 Bb5 20.c4 Bc6 21.Qe2 dxc4 22.dxc4 Rd8
23.Bc1 Rd4 24.Be3 Rg4 25.b3 h5 26.Rf4 Rxf4 27.Bxf4 h4 28.Nf1 h3 29.g3 Qf5
30.Ne3 Qe4 31.Kf2 g5 32.Qg4 Kf7 33.Qh5+ Qg6 34.Qxh3 gxf4 35.gxf4 Be4 36.Qg3 Qh7
37.Kg1 Qh5 38.Qf2 Bh4 39.Qd2 Qf3 40.Ng2 Bd3 41.Ne3 Qe4 42.Ng2 Qd4+ 43.Ne3 Ke8
44.a3 a5 45.a4 b6 46.h3 Ke7 47.Qc1 Bg3 48.Kg2 Qxf4 49.Qd2 Be4+ 50.Kg1 Bh2+
51.Qxh2 Qxe3+  0-1

[Event "Belgrade Spring Open 2012"]
[Site "Belgrade SRB"]
[Date "2012.03.26"]
[Round "3.6"]
[White "Cetkovic,Mi"]
[Black "Tisma,I"]
[Result "1/2-1/2"]
[WhiteElo "2230"]
[BlackElo "2124"]

1.e4 c5 2.Nc3 Nc6 3.Nge2 g6 4.h3 Bg7 5.g4 d6 6.Ng3 e6 7.Bg2 Nge7 8.d3 Bd7
9.Bf4 e5 10.Be3 Qb6 11.Qd2 Nd4 12.O-O-O h6 13.Rhe1 O-O-O 14.Kb1 Kb8 15.f4 Ne6
16.Nge2 exf4 17.Nxf4 Nxf4 18.Bxf4 h5 19.g5 Be6 20.Na4 Qc6 21.b3 Ka8 22.c4 Be5
23.Nc3 Qc8 24.h4 Nc6 25.Nd5 Rhe8 26.Qf2 b6 27.Qg3 Kb7 28.Rf1 a5 29.Rd2 Ka7
30.Rdf2 Rf8 31.Rd2  1/2-1/2

[Event "ch-VIE Men KO 2012"]
[Site "Can Tho VIE"]
[Date "2012.03.26"]
[Round "1.1"]
[White "Cao,S"]
[Black "Nguyen Van Huy"]
[Result "0-1"]
[WhiteElo "2526"]
[BlackElo "2485"]

1.e4 c5 2.Nc3 Nc6 3.Bb5 Nd4 4.Bc4 e6 5.Nge2 Nf6 6.O-O a6 7.d3 b5 8.Bb3 Nxb3
9.axb3 Bb7 10.Nf4 d6 11.Re1 g6 12.Qe2 Qc7 13.e5 dxe5 14.Qxe5 Qxe5 15.Rxe5 Nd7
16.Re1 Bg7 17.Be3 O-O 18.Nfe2 f5 19.f4 Rac8 20.d4 c4 21.b4 Nf6 22.Nd1 h6
23.Bc1 Kf7 24.c3 Rcd8 25.Ng3 Nd5 26.Rf1 Bf6 27.Ne3 Ne7 28.Nc2 Rg8 29.Ne1 Rd7
30.Ra3 Ra8 31.Rf2 Bd5 32.Nf1 Rda7 33.Ne3 a5 34.bxa5 Rxa5 35.N1c2 Nc6 36.Nxd5 exd5
37.Re2 b4 38.Rxa5 Rxa5 39.Kf1 b3 40.Ne3 h5 41.g3 Ne7 42.Bd2 Nc8 43.Re1 Nd6
44.Rb1 h4 45.Be1 hxg3 46.hxg3 Ke6 47.Ke2 g5 48.Ng2 Ne4 49.Kf3 Ra8 50.g4 fxg4+
51.Kxg4 gxf4 52.Nxf4+ Kd6 53.Nh5 Rg8+ 54.Kf3 Rg5 55.Nxf6 Rf5+ 56.Ke2 Rxf6
57.Ra1 Rf5 58.Ra6+ Kc7 59.Rh6 Rg5 60.Rh7+ Kc6 61.Rh6+ Kb5 62.Kf1 Rg8 63.Rh5 Rd8
64.Ke2 Rd7 65.Kf1 Kc6 66.Rh6+ Kb7 67.Rh5 Rd6 68.Rh7+ Kc6 69.Rh5 Rg6 70.Rh8 Nd6
71.Bd2 Re6 72.Rh7 Nc8 73.Bf4 Re7 74.Rh6+ Kb7 75.Bd6 Rf7+ 76.Ke2 Nb6 77.Ba3 Rf5
78.Rh7+ Kc6 79.Rh6+ Kb5 80.Rh8 Nd7 81.Rh7 Nf6 82.Rf7 Rf4 83.Bd6 Re4+ 84.Kf1 Re6
85.Bg3 Ne4 86.Be1 Rh6 87.Kg2 Ra6  0-1

[Event "13th EICC"]
[Site "Plovdiv BUL"]
[Date "2012.03.27"]
[Round "7.37"]
[White "Salgado Lopez,I"]
[Black "Sebenik,M"]
[Result "1/2-1/2"]
[WhiteElo "2621"]
[BlackElo "2529"]

1.e4 c5 2.Nf3 Nc6 3.Nc3 g6 4.d4 cxd4 5.Nxd4 Bg7 6.Be3 Nf6 7.Bc4 O-O 8.Bb3 d6
9.f3 Bd7 10.Qd2 Na5 11.O-O Rc8 12.Rfd1 a6 13.Qf2 Nc4 14.Bxc4 Rxc4 15.a4 Qc7
16.Nb3 Be6 17.Bb6 Qc8 18.Bd4 Rd8 19.Rd2 Rb4 20.Nc1 Qc6 21.N1e2 Rc8 22.b3 Rxd4
23.Rxd4 Nd7 24.Rd3 Ne5 25.Rd2 Nxf3+ 26.Qxf3 Bxc3 27.Nxc3 Qxc3 28.Qxc3 Rxc3
29.Re1 f6 30.Kf2 a5 31.Re3 Rc5 32.Red3 Re5 33.Re2 Kf7 34.Rc3 Bd7 35.Rce3 Bc6
36.Ke1 h5 37.Kd2 h4 38.Kd3 Rg5 39.Rf2 Rg4 40.h3 Rg5 41.Rf4  1/2-1/2

[Event "13th EICC"]
[Site "Plovdiv BUL"]
[Date "2012.03.28"]
[Round "8.85"]
[White "Hunt,A"]
[Black "Kempinski,R"]
[Result "1/2-1/2"]
[WhiteElo "2454"]
[BlackElo "2610"]

1.e4 c5 2.Nc3 Nc6 3.Bb5 d6 4.Bxc6+ bxc6 5.d3 g6 6.f4 Bg7 7.Nf3 Nf6 8.O-O O-O
9.Rb1 d5 10.e5 Nd7 11.Na4 c4 12.dxc4 Qa5 13.b3 dxc4 14.Bd2 Qa6 15.Be3 Nb6
16.Nc5 Qa3 17.Bd4 Bh6 18.Nd2 c3 19.Nde4 Rd8 20.Nxc3 Qb4 21.Ne2 Bg4 22.c3 Qxc5
23.Bxc5 Rxd1 24.Rfxd1 Bxe2 25.Rd2 Bg4 26.g3 Kf8 27.Re1 g5 28.c4 gxf4 29.gxf4 Nd7
30.Be3 c5 31.Kg2 Rc8 32.Kg3 Bf5 33.Kf3 f6 34.exf6 Nxf6 35.Bf2 Bg4+ 36.Kg3 Kf7
37.Re5 Nd7 38.Re1 Rg8 39.Be3 Rg6 40.Kf2 Bg7 41.Rd5 Nf6 42.Re5 Bh3 43.Ke2 Rg2+
44.Kd3 Nd7 45.Rg5 Rxh2 46.Bxc5 Bf6 47.Bg1 Rxa2 48.Rh5 Bg4 49.Rxh7+ Kg6 50.Rexe7 Bf5+
51.Ke3 Bxe7 52.Rxe7 Rb2 53.Kd4 Rxb3 54.Re3 Rb1 55.Rg3+ Kf7 56.Kd5 Rd1+ 57.Kc6 Be4+
58.Kc7 a6 59.c5 Nf6 60.Kb6 Ra1 61.Bd4 Nd5+ 62.Ka7 Ra4 63.Be5 Ne7 64.Bd6 Nc8+
65.Kb8 Nxd6 66.cxd6 Ke6 67.Kc7 Rc4+ 68.Kb6 Rc6+ 69.Ka5 Rxd6 70.Rb3 Kd5 71.Rb6 Rd8
72.Kxa6 Kc5 73.Rb5+ Kc6 74.Rb6+ Kc7 75.Re6 Bc6 76.Re7+ Kd6 77.Re1 Ra8+ 78.Kb6 Rb8+
79.Ka5 Rb5+ 80.Ka6 Rb4 81.Ka5 Rb5+ 82.Ka6 Rb2 83.Ka5 Bd5 84.Rc1 Bc6 85.Re1 Bd7
86.Rd1+ Kc7 87.Rc1+ Bc6 88.Rc5 Kd6 89.Rc1 Rb5+ 90.Ka6 Kc7 91.Rc3 Rb4 92.Rc5 Rxf4
93.Rg5 Ra4+ 94.Ra5 Rb4 95.Rc5 Kd6 96.Rc1 Rb8 97.Rc3 Rb5 98.Rc1 Kc7 99.Rc3 Rb4
100.Rc5 Rb6+ 101.Ka5 Rb8 102.Rc1 Rb5+ 103.Ka6 Rh5 104.Rc3 Rh1  1/2-1/2

[Event "13th EICC"]
[Site "Plovdiv BUL"]
[Date "2012.03.29"]
[Round "9.72"]
[White "Bosiocic,Mari"]
[Black "Kanmazalp,O"]
[Result "1-0"]
[WhiteElo "2562"]
[BlackElo "2389"]

1.e4 c5 2.Nf3 Nc6 3.Nc3 g6 4.d4 cxd4 5.Nxd4 Bg7 6.Be3 Nf6 7.Bc4 O-O 8.Bb3 d6
9.f3 Bd7 10.O-O Na5 11.Re1 Rc8 12.Qd3 a6 13.Rad1 b5 14.Nd5 Nc4 15.Bxc4 Rxc4
16.c3 Nxd5 17.exd5 e6 18.dxe6 fxe6 19.Nc2 Be5 20.f4 Bxf4 21.Bxf4 Rcxf4 22.Qxd6 Rf2
23.Nd4 Qf6 24.Nf3 Bc8 25.h3 Bb7 26.Rxe6 Qf5 27.Re3 Qh5 28.Qe6+ Kh8 29.Rd8 Qh6
30.Qf7 Rxd8 31.Qf6+ Kg8 32.Qxd8+ Kf7 33.Ng5+ Kg7 34.Qc7+  1-0

[Event "13th EICC"]
[Site "Plovdiv BUL"]
[Date "2012.03.29"]
[Round "9.88"]
[White "Hunt,A"]
[Black "Kotronias,V"]
[Result "1/2-1/2"]
[WhiteElo "2454"]
[BlackElo "2597"]

1.e4 c5 2.Nc3 Nc6 3.Bb5 Nd4 4.Bc4 e6 5.Nge2 Nf6 6.O-O a6 7.d3 b5 8.Bb3 Nxb3
9.axb3 Bb7 10.f4 d5 11.e5 d4 12.exf6 dxc3 13.f5 Qd5 14.Rf2 O-O-O 15.Nxc3 Qc6
16.fxe6 Qxe6 17.Bg5 Rg8 18.Qe2 Qxe2 19.Rxe2 c4 20.bxc4 bxc4 21.dxc4 gxf6
22.Be3 Re8 23.Rae1 Rxe3 24.Rxe3 Rxg2+ 25.Kf1 Bc5 26.Nd5 Rxc2 27.Re8+ Kd7
28.R8e7+ Bxe7 29.Rxe7+ Kc8 30.Re8+ Kd7 31.Re7+ Kc8 32.Re8+ Kd7 33.Re7+ Kc8
34.Re8+ Kd7  1/2-1/2

[Event "ch-Urals Men 2012"]
[Site "Satka RUS"]
[Date "2012.03.29"]
[Round "6"]
[White "Polschikov,A"]
[Black "Chernyuk,Mikhail"]
[Result "1-0"]
[WhiteElo "2385"]
[BlackElo "2256"]

1.e4 c5 2.Nf3 Nc6 3.Nc3 g6 4.Bb5 Bg7 5.O-O Nd4 6.Nxd4 cxd4 7.Ne2 e6 8.c3 a6
9.Ba4 b5 10.Bc2 dxc3 11.dxc3 Ne7 12.Qd6 Nc6 13.Bf4 Qe7 14.Qc7 O-O 15.Bd6 Qd8
16.Qxd8 Rxd8 17.f4 Bf8 18.Rfd1 Bxd6 19.Rxd6 Na5 20.b3 Ra7 21.Nd4 Rc7 22.a4 bxa4
23.Rxa4 Nb7 24.Rdxa6 Rxc3 25.Ra8 d6 26.Ra2 Kg7 27.Rb8 Rd7 28.Nb5 Rc5 29.Bd3 Rc1+
30.Bf1 Re7 31.Raa8 Nc5 32.Rxc8 Rb7 33.Ra5 Rd1 34.Nxd6 Rxb3 35.Ne8+ Kh6 36.Raxc5 Rbb1
37.g3 Rxf1+ 38.Kg2 Rfe1 39.Kf3 Rf1+ 40.Kg4 f5+ 41.Kh4 fxe4 42.Nf6  1-0

[Event "ch-SRB Women 2012"]
[Site "Kac SRB"]
[Date "2012.03.30"]
[Round "9"]
[White "Eric,J"]
[Black "Panic,A"]
[Result "1-0"]
[WhiteElo "2243"]
[BlackElo "1966"]

1.e4 c5 2.Nf3 Nc6 3.Nc3 g6 4.g3 Bg7 5.Bg2 d6 6.O-O e6 7.d3 Nge7 8.Be3 Nd4
9.Qd2 O-O 10.Bh6 Nec6 11.Bxg7 Kxg7 12.Nd1 Rb8 13.Nxd4 Nxd4 14.c3 Nc6 15.Ne3 h5
16.f4 f6 17.f5 exf5 18.exf5 g5 19.Rae1 Bd7 20.Nc4 Qc7 21.Qd1 Rh8 22.Ne3 Rbe8
23.Bf3 h4 24.Bh5 hxg3 25.hxg3 d5 26.Bxe8 Qxg3+ 27.Ng2 Bxe8 28.Qf3 Qh2+ 29.Kf2 Rh3
30.Qxd5 Ne5 31.Rxe5 fxe5 32.Qxb7+ Kf8 33.Qd5 Bh5 34.Qd8+ Kf7 35.Qd7+ Kf8
36.Qd6+ Kf7 37.Qe6+ Kf8 38.Qf6+ Ke8 39.Qh8+ Kf7 40.Qh7+ Kf8 41.Qh6+ Kf7 42.Qe6+ Kf8
43.Qc8+ Kf7 44.Qd7+ Kf8 45.Qd6+ Kf7 46.Qd5+ Ke8 47.Qa8+ Kf7 48.Qxa7+ Ke8
49.Qa8+ Ke7 50.f6+ Kxf6 51.Ke1+ Kg7 52.Qf8+ Kh7 53.Qe7+ Kh6 54.Qf6+ Kh7 55.Qf5+ Bg6
56.Qxg5 Rg3 57.Qe7+ Kh6 58.Qh4+ Qxh4 59.Nxh4 Bxd3 60.Nf5+ Bxf5 61.Rxf5 Rg1+
62.Rf1 Rg2 63.Rf2 Rg1+ 64.Kd2 Ra1 65.Re2 Rxa2 66.Kc2 Kg6 67.Rxe5 c4 68.Rc5 Ra4
69.Kd2 Ra2 70.Rb5 Kf6 71.Ke3 Ke6 72.Kd4 Ra4 73.Rb6+ Kd7 74.Kc5 Kc7 75.Rb4  1-0

[Event "17th Metropolitan IM"]
[Site "Los Angeles USA"]
[Date "2012.03.30"]
[Round "5"]
[White "Visweswaran,K"]
[Black "Yankovsky,R"]
[Result "0-1"]
[WhiteElo "2281"]
[BlackElo "2438"]

1.e4 c5 2.Nc3 Nc6 3.Nf3 g6 4.d4 cxd4 5.Nxd4 Bg7 6.Be3 Nf6 7.Bc4 O-O 8.Bb3 d6
9.f3 Bd7 10.Qd2 Na5 11.O-O-O Rb8 12.g4 b5 13.Kb1 Nc4 14.Bxc4 bxc4 15.Ka1 Qa5
16.Rb1 Rb6 17.a3 Rfb8 18.Rhd1 Ra6 19.Na2 Ne8 20.Qxa5 Rxa5 21.Bd2 Rc5 22.Bb4 Rcc8
23.Nc3 Nc7 24.Nde2 Na6 25.Ba5 Rc5 26.Rd5 Kf8 27.Rbd1 f5 28.gxf5 gxf5 29.Rxc5 Nxc5
30.Bb4 Na6 31.Ba5 fxe4 32.fxe4 Be5 33.Nd4 Ke8 34.Nf3 Bg4 35.Rf1 Bh8 36.Ng5 h5
37.h3 Bd7 38.Rf3 Bc6 39.Rf4 Bf6 40.Nh7 Be5 41.Rh4 Kf7 42.Ng5+ Kg6 43.Ne6 Kf6
44.Nf4 Kg5 45.Ng2 Bg3 46.Ne2 Bxh4 47.Bd2+ Kf6 48.Nxh4 Bxe4 49.Nf4 Bxc2 50.Nxh5+ Kf7
51.Nf4 Nc5 52.Be3 Rb3 53.Bf2 e5 54.Nd5 Rxh3 55.a4 Nb3+ 56.Ka2 Rh1 57.Ka3 a5
58.Nc3 Ra1+ 59.Na2 Bb1  0-1

[Event "13th EICC"]
[Site "Plovdiv BUL"]
[Date "2012.03.30"]
[Round "10.103"]
[White "Brkic,A"]
[Black "Pacher,M"]
[Result "0-1"]
[WhiteElo "2587"]
[BlackElo "2402"]

1.e4 c5 2.Nc3 Nc6 3.Bb5 Nd4 4.Bc4 e6 5.Nge2 Ne7 6.Nxd4 cxd4 7.Nb5 Nc6 8.c3 Bc5
9.cxd4 Nxd4 10.b4 Nxb5 11.bxc5 Qf6 12.Rb1 Nc3 13.Bb2 Nxd1 14.Bxf6 gxf6 15.Kxd1 d6
16.d4 dxc5 17.dxc5 Rg8 18.Ke2 Rxg2 19.Bb5+ Ke7 20.c6 a6 21.Kf3 Rg5 22.cxb7 Bxb7
23.Ba4 Ra7 24.Rhc1 Ba8 25.Ke3 f5 26.f4 Rg2 27.exf5 Rxa2 28.Rb4 Rxh2 29.fxe6 fxe6
30.Rb8 Bd5 31.Rcc8 Kf6 32.Rf8+ Rf7 33.Rg8 Rh3+ 34.Ke2 Rf3 35.Rb4 Rg7 36.Rf8+ Ke7
37.Re8+ Kd6 38.Rb6+ Kc5  0-1

[Event "35th San Sebastian Open"]
[Site "Donostia ESP"]
[Date "2012.04.02"]
[Round "4"]
[White "Libiszewski,F"]
[Black "Andres Gonzalez,I"]
[Result "1-0"]
[WhiteElo "2523"]
[BlackElo "2312"]

1.e4 c5 2.Nc3 Nc6 3.Nf3 Nf6 4.Bb5 g6 5.e5 Ng4 6.Bxc6 dxc6 7.h3 Nh6 8.d3 Bg7
9.g4 O-O 10.Bf4 f5 11.g5 Nf7 12.Qe2 Qb6 13.O-O-O Nd8 14.h4 Ne6 15.Qe3 Nd4
16.h5 Be6 17.Na4 Qb4 18.Nxc5 Ne2+ 19.Qxe2 Qxf4+ 20.Kb1 Bd5 21.Rh3 b6 22.Ne6 Bxf3
23.Rxf3 Qxe5 24.Qxe5 Bxe5 25.Nxf8 Rxf8 26.hxg6 hxg6 27.Re1 Bd6 28.Rh3 Rf7
29.Reh1 Rg7 30.Rh8+ Kf7 31.Ra8 Bc5 32.Rh2 Ke6 33.c3 f4 34.Rf8 Bd6 35.f3 Kd5
36.Kc2 e5 37.Rf6  1-0

[Event "Semana Santa LAB Open"]
[Site "Bogota COL"]
[Date "2012.04.04"]
[Round "1"]
[White "Ortiz Suarez,I"]
[Black "Perez Olarte,C"]
[Result "1-0"]
[WhiteElo "2561"]
[BlackElo "2242"]

1.e4 c5 2.Nf3 Nc6 3.Nc3 e5 4.Bc4 d6 5.d3 Be7 6.O-O Nf6 7.Ng5 O-O 8.f4 Bg4
9.Qe1 h6 10.Nf3 Bxf3 11.gxf3 exf4 12.Bxf4 Nh5 13.Be3 Nd4 14.Qd2 Kh7 15.Nd5 b5
16.Bxd4 bxc4 17.Bc3 f5 18.dxc4 fxe4 19.fxe4 Qd7 20.Qe2 Nf6 21.Kh1 Nxd5 22.exd5 Rae8
23.Qd3+ Kh8 24.Qg6 Bg5 25.Rae1 Rxe1 26.Rxe1 Kg8 27.Re6 Bf4 28.Bf6 Be3 29.Rxd6 Qc7
30.Qg4 Qf7 31.Qe6 Bf4 32.Rd7 Qxe6 33.Rxg7+ Kh8 34.dxe6 Rxf6 35.e7 Kxg7  1-0

[Event "Semana Santa LAB Open"]
[Site "Bogota COL"]
[Date "2012.04.04"]
[Round "1"]
[White "Pardo,Alejandro"]
[Black "Lopez,CM CUB"]
[Result "1/2-1/2"]
[WhiteElo "2172"]
[BlackElo "2313"]

1.e4 c5 2.Nf3 Nc6 3.Nc3 Nf6 4.d4 cxd4 5.Nxd4 e5 6.Ndb5 d6 7.Bg5 a6 8.Na3 b5
9.Bxf6 gxf6 10.Nd5 f5 11.c3 Bg7 12.exf5 Bxf5 13.Nc2 Ne7 14.Nce3 Be6 15.g3 Nxd5
16.Nxd5 O-O 17.Bg2 a5 18.O-O Rb8 19.a3 Kh8 20.Kh1 f5 21.f4 Qd7 22.Qh5 e4
23.Rad1 Qb7 24.Ne3 Qb6 25.Rfe1 Qc5 26.g4 fxg4 27.f5 Bb3 28.Rd2 Rbe8 29.Qxg4 Bh6
30.Rd4 Bxe3 31.Rxe3 Qxf5 32.Qxf5 Rxf5 33.Rexe4 Rxe4 34.Bxe4 Rf2 35.Rxd6 Rxb2
36.Bd3 Bc2 37.Bxc2 Rxc2 38.Ra6 a4 39.Ra5 Rxc3 40.Rxb5 Rxa3 41.Kg2 Rb3 42.Ra5 a3
43.Ra7 Kg8 44.h4 h6 45.h5 Kf8 46.Kh2 Ke8 47.Ra6 Rb2+ 48.Kg3 a2 49.Kf4 Kd7
50.Ke5 Kc7 51.Kd4 Kb7 52.Kc3 Rh2 53.Ra4 Rh3+ 54.Kb2 Rxh5 55.Kxa2 Rb5 56.Rc4 h5
57.Ka3 Kb6 58.Rc8 Rc5 59.Rh8 Kb5 60.Kb3 Rf5 61.Kc3 Rd5 62.Rh6 Kc5 63.Ra6 Kb5
64.Rh6 Rg5 65.Kd4  1/2-1/2

[Event "35th San Sebastian Open"]
[Site "Donostia ESP"]
[Date "2012.04.04"]
[Round "6"]
[White "Libiszewski,F"]
[Black "Devereaux,M"]
[Result "0-1"]
[WhiteElo "2523"]
[BlackElo "2373"]

1.e4 c5 2.Nf3 Nc6 3.Nc3 g6 4.d4 cxd4 5.Nxd4 Bg7 6.Be3 Nf6 7.Bc4 O-O 8.Bb3 d6
9.h3 Bd7 10.O-O Nxd4 11.Bxd4 Bc6 12.Qd3 Nd7 13.Bxg7 Kxg7 14.Rad1 a5 15.a4 Qb6
16.Rfe1 Ne5 17.Qg3 f5 18.Ne2 fxe4 19.Nd4 Rf6 20.Qh4 h6 21.Ne6+ Rxe6 22.Bxe6 g5
23.Qg3 Qxb2 24.Bb3 Ng6 25.Qe3 Rf8 26.Rd4 Rf5 27.Red1 Re5 28.Qe2 Nf4 29.Qg4 Bd7
30.Qxd7 Ne2+ 31.Kh2 Nxd4 32.Bc4 Qc3 33.Bd5 Qc5 34.c4 Nf5 35.Qe8 Rxd5 36.Rxd5 Qxf2
37.Qd7 Kf6 38.Qd8 Kf7 39.Qh8 Ne3 40.Qh7+ Ke8 41.Qg6+ Kd7 42.Qxe4 Nf1+  0-1

[Event "ch-CHN w 2012"]
[Site "Xinghua CHN"]
[Date "2012.04.04"]
[Round "8"]
[White "Wang Jue"]
[Black "Tan Zhongyi"]
[Result "1/2-1/2"]
[WhiteElo "2366"]
[BlackElo "2438"]

1.e4 c5 2.Nf3 Nc6 3.Nc3 g6 4.d4 cxd4 5.Nxd4 Bg7 6.Be3 Nf6 7.Bc4 O-O 8.Bb3 d6
9.f3 Bd7 10.Qd2 Nxd4 11.Bxd4 b5 12.h4 a5 13.a4 bxa4 14.Nxa4 Be6 15.Nb6 Ra6
16.Nd5 Bxd5 17.exd5 a4 18.Rxa4 Rxa4 19.Bxa4 Qa8 20.Bc6 Qa1+ 21.Qd1 Qa5+ 22.Qd2 Qa1+
23.Qd1 Qa5+ 24.Qd2 Qa1+  1/2-1/2

[Event "Semana Santa LAB Open"]
[Site "Bogota COL"]
[Date "2012.04.05"]
[Round "3"]
[White "Cifuentes,J"]
[Black "Lopez,CM CUB"]
[Result "0-1"]
[WhiteElo "2114"]
[BlackElo "2313"]

1.e4 c5 2.Nf3 Nc6 3.Nc3 Nf6 4.d4 cxd4 5.Nxd4 e5 6.Ndb5 d6 7.Bg5 a6 8.Na3 b5
9.Bxf6 gxf6 10.Nd5 f5 11.Bd3 Be6 12.O-O Bg7 13.Qh5 f4 14.c4 bxc4 15.Bxc4 O-O
16.Rac1 Rb8 17.Bxa6 Bxd5 18.exd5 Ne7 19.Bc4 Rxb2 20.Bb3 Rd2 21.Nb5 Qb6 22.Nc3 f5
23.Na4 Qa7 24.Qg5 Kh8 25.Nc3 Qb7 26.Nb5 Nxd5 27.Nxd6 Qd7 28.Nc4 Rd4 29.Na5 Rf6
30.Nc6 h6 31.Nxe5 Qe6 32.Qh5 Qxe5 33.Rc8+ Kh7 34.Re8 Re6 35.Rd8 Nf6  0-1